000 00769nam a2200229 a 4500
001 40779
003 BD-RjUL
005 20211209053258.0
008 160510s1978 bg ||||| |||| 00| 0 ben d
020 _c: TK 10.00
035 _a(BD-RjUL)40894
040 _aBD-RjUL
_bben
_cBD-RjUL
041 _aben
082 _223
_a398
_bSIL 1978
100 _aসিদ্দিকী, আশরাফ
_9125488
245 1 0 _aলোকায়ত বাংলা /
_cআশরাফ সিদ্দিকী
260 _aঢাকা :
_bবাংলা একাডেমী,
_c১৯৭৮
300 _a১১২ পৃ. ;
_c২১ সেমি.
650 _aলোকাচারবিদ্যা
_9125489
650 _aFolklore
_9125490
942 _2ddc
_cBK
_02
999 _c40779
_d40779